000 00951cam a2200265 a 4500
999 _c27034
_d27034
001 2593546
003 OSt
005 20170207105242.0
008 961218s1996 ncua c 001 0 eng
010 _a 96231211
040 _aDLC
_cDLC
_dDLC
050 0 0 _aHV7936.E7
_bC75 2000
082 0 0 _a363.2/32/028
_221
245 0 0 _aCriminal investigation tools /
_cSirchie Finger Print Laboratories.
260 _aYoungsville, N.C. :
_bSirchie Finger Print Laboratories,
_c1996.
300 _a322 p. :
_bcol. ill. ;
_c29 cm.
500 _aCover title.
500 _aIncludes index.
650 0 _aPolice
_xEquipment and supplies
_vCatalogs.
650 0 _aCriminal investigation.
710 2 _aSirchie Finger Print Laboratories
906 _a7
_bcbc
_corignew
_d2
_encip
_f19
_gy-gencatlg
942 _2lcc
_cBOOKS
_hHV 7936 .E7557 2000